| 000 | 00517nam a22001217a 4500 | ||
|---|---|---|---|
| 999 |
_c9685 _d9685 |
||
| 003 | OSt | ||
| 008 | 201211b ||||| |||| 00| 0 eng d | ||
| 245 | _aPrabandhan Indian Journal of Management | ||
| 250 | _a2013(Jan Vol.6 No.1, Feb Vol.6 No.2, Mar Vol.6 No.3, Apr Vol.6 No.4, May Vol.6 No.5, Jun Vol.6 No.6, Jul Vol.6 No.7, Aug Vol.6 No.8, Sep Vol.6 No.9, Oct Vol.6 No.10, Nov Vol.6 No.11, Dec Vol.6 No.12) | ||
| 260 |
_aNew Delhi _bAssociated Management Consultants Pvt. Ltd. |
||
| 650 | _aManagement | ||
| 942 |
_2ddc _cBV |
||